| 000 | 01450cam a22003374a 4500 | ||
|---|---|---|---|
| 001 | 12329570 | ||
| 005 | 20170105102901.0 | ||
| 008 | 010228s2001 cau b 000 0 eng | ||
| 010 | _a 2001020608 | ||
| 020 | _a0804737134 (alk. paper) | ||
| 020 | _a0804737142 (pbk. : alk. paper) | ||
| 040 |
_aDLC _cDLC _dDLC |
||
| 041 | 1 |
_aeng _hfre |
|
| 042 | _apcc | ||
| 050 | 0 | 0 |
_aB2948 _b.N3313 2001 |
| 082 | 0 | 0 |
_a193 _221 |
| 100 | 1 | _aNancy, Jean-Luc. | |
| 240 | 1 | 0 |
_aRemarque spéculative. _lEnglish |
| 245 | 1 | 4 |
_aThe speculative remark : _bone of Hegel's bons mots / _cJean-Luc Nancy ; translated by Céline Surprenant. |
| 260 |
_aStanford, Calif. : _bStanford University Press, _c2001. |
||
| 300 |
_axx, 196 p. ; _c23 cm. |
||
| 440 | 0 | _aCultural memory in the present | |
| 504 | _aIncludes bibliographical references (p. [155]-196). | ||
| 600 | 1 | 0 |
_aHegel, Georg Wilhelm Friedrich, _d1770-1831. |
| 856 | 4 | 2 |
_3Publisher description _uhttp://www.loc.gov/catdir/description/cam021/2001020608.html |
| 856 | 4 | 1 |
_3Table of contents _uhttp://www.loc.gov/catdir/toc/cam028/2001020608.html |
| 856 | 4 | 2 |
_3Contributor biographical information _uhttp://www.loc.gov/catdir/enhancements/fy0710/2001020608-b.html |
| 906 |
_a7 _bcbc _corignew _d1 _eocip _f20 _gy-gencatlg |
||
| 942 |
_2ddc _cBK |
||
| 999 |
_c14655 _d14655 |
||